• 首页
  • 本馆介绍
  • 公告通知
  • 最新文献
  • 馆藏检索
  • 电子资源
  • 读者导购
  • 参考咨询
  • 我的图书馆
  • 登录
  • 期刊详细显示
  • 现刊情况显示
  • 合订本情况显示
  • 篇目信息显示

期刊信息

  • 表格格式
  • 工作单格式
  • 卡片格式
索取号 
C5/QLX
题名 
祁连学刊
作者 
祁连学刊编辑部编辑
分册号 
分册名 
出版地 
甘肃
出版者 
祁连学刊编辑部
标准刊号 
出版频率 
季刊
中图法分类 
C5
主题词 
社会科学 丛书; 社会科学 文集; 社会科学 连续出版物
电子资源 
000 00588nas0 2200205 45
001 0739343070
005 20070416105633.14
011    @dCNY1.20(1990)
100    @a20070416d km y0chiy0120 ea
101 0  @achi
200 1  @a祁连学刊@AQi Lian Xue Kan@f祁连学刊编辑部编辑@FQi Lian Xue Kan Bian Ji Bu Bian Ji
210    @a甘肃@c祁连学刊编辑部
326    @a季刊
606 0  @a社会科学@x丛书
606 0  @a社会科学@x文集
606 0  @a社会科学@x连续出版物
690    @aC5@v4
711 02 @a祁连学刊编辑部@AQi Lian Xue Kan Bian Ji Bu@4编辑
801  0 @aCN@bPFT@c20070416
905    @aTJWY@dC5@eQLX
    
    祁连学刊/祁连学刊编辑部编辑.-甘肃:祁连学刊编辑部
    
    
    
    CNY1.20(1990)
    
●
相关链接: 在易读查询期刊 在中国知网中查询期刊 在万方数据查询期刊 在维普查询期刊
唐山师范学院图书馆 欢迎您!
大连网信软件有限公司© 版权所有